00596 2200181 4500001002100000005001700021008004100038035002400079082001000103090001900113100002300132245011800155260004000273300004000313504002600353650001700379990001800396YOGYA-0313000000017520130306110059.0 ind  0010-031300000000175 a331.1 aSK 331.1 Rir L aRIRIN SETYANINGSIH aLatihan dan pengembangan tenaga kerja pada kerajinan kulit "Amindo" di Bantul YogyakartacOleh Ririn setyaningsih aYogyakarta:bSTIE' Kerjasama,c1997 ax, 40(3) lbr.:bIlus.,Lamp.;c29 cm aBibliografi : lbr. 41 aTenaga kerja a44431-PD/A.12